<The> Relationship Between Performance Measures and Managerial Behavior

Vplyv finančných a nefinančných výkonnostných opatrení na zníženie alebo zvýšenie krátkodobej orientácie manažérov - analýza na vzorke slovenských a maďarských podnikov.

Gespeichert in:
Bibliographische Detailangaben
1. Verfasser: Jančovičová Bognárová, Kristína, 1979-
Format: Buchkapitel
Sprache:Englisch
Schlagworte:
Tags: Tag hinzufügen
Keine Tags, Fügen Sie das erste Tag hinzu!

MARC

LEADER 00000naa$a2200000$$$4500
001 0242710
005 20240502083650.7
041 0 |a eng 
044 |a BG 
245 1 0 |a <The> Relationship Between Performance Measures and Managerial Behavior  |c Kristína Jančovičová Bognárová 
520 |a Vplyv finančných a nefinančných výkonnostných opatrení na zníženie alebo zvýšenie krátkodobej orientácie manažérov - analýza na vzorke slovenských a maďarských podnikov. 
610 2 0 |a výkonnosť 
610 2 0 |a výkonnosť podniku 
610 2 0 |a meranie výkonnosti 
610 2 0 |a ukazovatele výkonnosti 
610 2 0 |a manažéri 
610 2 0 |a správanie 
610 2 0 |a ekonómia behaviorálna 
610 2 0 |a financie behaviorálne 
610 2 0 |a odmeňovanie 
610 2 0 |a opatrenia 
610 2 0 |a stimuly 
610 2 0 |a Slovensko 
610 2 0 |a Maďarsko 
100 1 |a Jančovičová Bognárová, Kristína, 1979-